Trouvez les pays les plus peuplés - Statistiques

Statistiques générales
  • Ce quiz a été pris 26 fois
    11 depuis la dernière actualisation
  • Le résultat moyen est 14 sur 20
Statistiques - réponses
Position Population Country % Correct
2 1 415 494 583 Chine
100%
1 1 466 292 937 Inde
100%
9 143 844 210 Russie
90%
3 347 622 258 États-Unis
80%
12 122 982 554 Japon
80%
6 255 964 120 Nigeria
80%
19 84 986 268 Allemagne
70%
7 212 964 738 Brésil
70%
13 118 710 501 Égypte
70%
11 132 150 684 Mexique
70%
15 113 509 307 République Démocratique du Congo
70%
20 71 610 871 Thaïlande
70%
16 101 713 014 Viêt Nam
70%
10 136 118 988 Éthiopie
60%
4 286 140 266 Indonésie
60%
5 255 964 115 Pakistan
60%
8 176 086 524 Bangladesh
50%
17 92 577 280 Iran
50%
14 116 963 969 Philippines
50%
18 87 725 007 Turquie
50%
Aucun quiz correspondant
Distribution des résultats
% des personnes avec chaque résultat
Percentile par nombre de réponses
Votre historique - résultats
Vous n’avez pas pris ce quiz depuis la dernière actualisation